NLSUI OPAC header image

Landmark cases in family law / (Record no. 113448)

MARC details
000 -LEADER
fixed length control field 03200cam a2200397 a 4500
001 - CONTROL NUMBER
control field 17024182
003 - CONTROL NUMBER IDENTIFIER
control field OSt
005 - DATE AND TIME OF LATEST TRANSACTION
control field 20190412111143.0
008 - FIXED-LENGTH DATA ELEMENTS--GENERAL INFORMATION
fixed length control field 111028s2011 enka b 101 0 eng d
010 ## - LIBRARY OF CONGRESS CONTROL NUMBER
LC control number 2011293117
016 7# - NATIONAL BIBLIOGRAPHIC AGENCY CONTROL NUMBER
Record control number 015781679
Source Uk
020 ## - INTERNATIONAL STANDARD BOOK NUMBER
International Standard Book Number 9781849461016
035 ## - SYSTEM CONTROL NUMBER
System control number (OCoLC)ocn743254295
040 ## - CATALOGING SOURCE
Original cataloging agency SINUS
Transcribing agency SINUS
Modifying agency NLE
-- BTCTA
-- YDXCP
-- CDX
-- UAB
-- BWK
-- BWX
-- EMI
-- UKMGB
-- TXQ
-- DLC
042 ## - AUTHENTICATION CODE
Authentication code lccopycat
050 00 - LIBRARY OF CONGRESS CALL NUMBER
Classification number KD750.A75
Item number L36 2011
055 #8 - CLASSIFICATION NUMBERS ASSIGNED IN CANADA
Classification number KF505.ZC2
Item number L36 2011
Source of call/class number kfmod
082 04 - DEWEY DECIMAL CLASSIFICATION NUMBER
Classification number 346.420150264
Edition number 22
245 00 - TITLE STATEMENT
Title Landmark cases in family law /
Statement of responsibility, etc. edited by Stephen Gilmore, Jonathan Herring and Rebecca Probert.
260 ## - PUBLICATION, DISTRIBUTION, ETC.
Place of publication, distribution, etc. Oxford ;
-- Portland, OR :
Name of publisher, distributor, etc. Hart Pub.,
Date of publication, distribution, etc. 2011.
300 ## - PHYSICAL DESCRIPTION
Extent xxxii, 297 p. :
Other physical details ill. ;
Dimensions 24 cm.
500 ## - GENERAL NOTE
General note Papers originally presented at King's College London School of Law in Apr. 2010.
504 ## - BIBLIOGRAPHY, ETC. NOTE
Bibliography, etc. note Includes bibliographical references and index.
505 00 - FORMATTED CONTENTS NOTE
Formatted contents note Introduction : a journey through the landmark cases of family law / Stephen Gilmore, Jonathan Herring, and Rebecca Probert -- The Roos case (1670) : the Roos case and modern family law / Rebecca Probert -- J v C [1970] AC 668 : J v C : placing the child's welfare centre stage / Nigel Lowe -- Corbett v Corbett (Otherwise Ashley) [1971] P 83 : Corbett v Corbett : once a man, always a man? / Stephen Gilmore -- Szechter (Orse Karsov) v Szechter [1971] P 286 : 'But I didn't really want to get married' / David McClean and Mary Hayes -- Poel v Poel [1970] 1 WLR 1469 : Poels apart : fixed principles and shifting values in relocation law / Rachel Taylor -- S v S; W v Official Solicitor [1972] AC 24 : Welfare, truth, and justice : the children of extra-marital liaisons / Andrew Bainham -- Wachtel v Wachtel [1973] Fam 72 : bringing an end to the matrimonial post mortem : Wachtel v Wachtel and its enduring significance for ancillary relief / Gillian Douglas -- Marckx v Belgium (1979-80) 2 EHRR 14 : the Marckx case : a 'whole code of family law'? / Walter Pintens and Jens M. Scherpe -- Burns v Burns [1984] Ch 317 : Burns v Burns : the villain of the piece? / John Mee -- Gillick v West Norfolk and Wisbech Area Health Authority and Department of Health and Social Security [1986] AC 112 : the Gillick decision : not just a high-water mark / Jane Fortin -- R v R [1992] 1 AC 599 : no more having and holding : the abolition of the marriage rape exemption / Jonathan Herring -- Fitzpatrick v Sterling Housing Association [2001] 1 AC 27 : Fitzpatrick v Sterling Housing Association : a perfectly pitched stall / Lisa Glennon -- White v White [2000] 1 AC 596 : a late installment in a long story / Elizabeth Cooke.
650 #0 - SUBJECT ADDED ENTRY--TOPICAL TERM
Topical term or geographic name entry element Domestic relations
Geographic subdivision England
Form subdivision Congresses.
650 #0 - SUBJECT ADDED ENTRY--TOPICAL TERM
Topical term or geographic name entry element Domestic relations
Geographic subdivision England
Form subdivision Cases.
650 #0 - SUBJECT ADDED ENTRY--TOPICAL TERM
Topical term or geographic name entry element Domestic relations
Geographic subdivision Wales
Form subdivision Congresses.
650 #0 - SUBJECT ADDED ENTRY--TOPICAL TERM
Topical term or geographic name entry element Domestic relations
Geographic subdivision Wales
Form subdivision Cases.
700 1# - ADDED ENTRY--PERSONAL NAME
Personal name Gilmore, Stephen.
700 1# - ADDED ENTRY--PERSONAL NAME
Personal name Herring, Jonathan.
700 1# - ADDED ENTRY--PERSONAL NAME
Personal name Probert, Rebecca.
856 ## - ELECTRONIC LOCATION AND ACCESS
Uniform Resource Identifier <a href="https://www.bloomsburycollections.com/book/landmark-cases-in-family-law/">https://www.bloomsburycollections.com/book/landmark-cases-in-family-law/</a>
906 ## - LOCAL DATA ELEMENT F, LDF (RLIN)
a 7
b cbc
c copycat
d 2
e ncip
f 20
g y-gencatlg
942 ## - ADDED ENTRY ELEMENTS (KOHA)
Source of classification or shelving scheme Dewey Decimal Classification
Koha item type E-Books - Cambridge, Bloomsbury, Oxford Handbooks & West Academic
Holdings
Withdrawn status Lost status Source of classification or shelving scheme Damaged status Not for loan Home library Current library Shelving location Date acquired Total Checkouts Full call number Barcode Date last seen Price effective from Koha item type
    Dewey Decimal Classification     NLS NLS   12/04/2019   346.420150264 EBK-376 12/04/2019 12/04/2019 E-Books - Cambridge, Bloomsbury, Oxford Handbooks & West Academic